000 01119nam0a22002771 4500
001 rc\3348325
005 20130115152202.9
021 _aRU
_b[74-70459]
035 _a(NLR Aleph) 007543750
090 _a9778215
_c9778215
100 _a20130115d1974 |||y0rusy50 ca
101 0 _arus
102 _aRU
105 _aa z |||||
200 1 _aИнформационные системы в медицине
_eСборник переводов
_fПод ред. д-ра техн. наук М.А. Шнепс-Шнеппе
_gС предисл. проф. Ю.И. Лисицына
210 _aМосква
_cМир
_d1974
215 _a171 с.
_cил.
_d21
606 _aМедицина
_xИнформационно-поисковые системы
_jСборники
_2psbo
702 1 _6z01790
_aШнепс-Шнеппе
_bМ. А.
_gМанфред Александрович
_4340
702 1 _aЛисицын
_bЮ. И.
_4080
790 1 _6z01702
_aШнеппе
_bМ. А.
_gМанфред Александрович
801 0 _aRU
_bNLR
_gpsbo
801 1 _aRU
_bELAR
_2rusmarc
852 _aNLR
_j74-5/2629
942 _cBOOK
980 _aNB